000 00287nam a22001337a 4500
008 181217b xxu||||| |||| 00| 0 eng d
020 _a0582280516
041 _aeng
080 _a610
100 _a4
101 _aSHM
245 _aMedicine in Literature
_cCeccio, J
942 _2udc
_cBK
999 _c53318
_d53318